Giotto 1

Saved in:
Bibliografiske detaljer
Hovedforfatter: Previtali, Giovanni (Author)
Format: Bog
Sprog:spansk
Udgivet: Buenos Aires Viscontea 1979
Fag:
Tags: Tilføj Tag
Ingen Tags, Vær først til at tagge denne postø!

MARC

LEADER 00000nam a2200000 a 4500
001 UCU5434
003 CL-VaPUC
008 960604e19790000AG |||||||||||||||||spa|d
082 0 4 |a 759.02  |b PRE  |2 21 
100 0 |a Previtali, Giovanni  |e author  |9 363439 
245 1 0 |a Giotto 1 
300 |a 6 p 
942 |c BK 
945 |d 19960604 00:00:00  |a rbrito 
260 |a Buenos Aires  |b Viscontea  |c 1979 
600 0 7 |a GIOTTO DI BONDONE  |2 CL-VaPUC  |9 265291 
650 0 |a Pintura italiana  |9 265293 
650 0 |a Edad media  |9 258041 
650 0 |a Pintores italianos  |9 265277 
650 7 |a PINTURA MEDIEVAL  |2 CL-VaPUC  |9 265292 
651 0 |a Italia  |9 254949 
583 |a last modification  |c 19960604 00:00:00  |k Rodrigo Vera 
999 |c 248801  |d 248799 
952 |0 0  |1 0  |4 0  |6 759_020000000000000_PRE_1979  |7 0  |8 A  |9 265666  |a BIBARQ  |b BIBARQ  |d 2019-11-19  |i 3207145  |l 1  |o 759.02 PRE 1979  |p 3207145  |r 2025-01-20  |s 2023-04-03  |w 2019-11-19  |y BK  |k ARQ